Every 100,000+ city in USA: Nevada - Statistics

General Stats
  • This quiz has been taken 42 times
  • The average score is 6 of 9
Answer Stats
Letter Population City % Correct
L-V 2,227,493 Las Vegas
100%
R 451,060 Reno
100%
N-L-V 301,755 North Las Vegas
94%
H 337,093 Henderson
89%
P 208,013 Paradise
61%
S 110,409 Sparks
50%
E 240,099 Enterprise
47%
S-M 213,872 Sunrise Manor
28%
S-V 224,088 Spring Valley
22%
No matching quizzes found
Score Distribution
Percent of People with Each Score
Percentile by Number Answered
Your Score History
You have not taken this quiz